书目信息 |
| 题名: |
互联网+政务服务
|
|
| 作者: | 许跃军 , 陈宏晓 , 唐鹏 编著 | |
| 分册: | ||
| 出版信息: | 北京 电子工业出版社 2018 |
|
| 页数: | 194页 | |
| 开本: | 24cm | |
| 丛书名: | ||
| 单 册: | ||
| 中图分类: | D63-39 | |
| 科图分类: | ||
| 主题词: | 电子政务--研究--中国 | |
| 电子资源: | ||
| ISBN: | 978-7-121-33345-3 | |
| 000 | 01213nam0 2200265 450 | |
| 001 | 012001005105 | |
| 005 | 20141007150340.0 | |
| 010 | @a978-7-121-33345-3@dCNY49.00 | |
| 100 | @a20180412d2018 em y0chiy50 ea | |
| 101 | 0 | @achi |
| 102 | @aCN@b110000 | |
| 105 | @aa z 000yy | |
| 106 | @ar | |
| 200 | 1 | @a互联网+政务服务@9hu lian wang + zheng wu fu wu@dInternet plus government services@e新形势、新趋势、新未来@f许跃军,陈宏晓,唐鹏编著@zeng |
| 210 | @a北京@c电子工业出版社@d2018 | |
| 215 | @a194页@c图@d24cm | |
| 330 | @a本书主要从互联网+政务服务新时期的政策环境、技术环境、社会环境等出发,围绕互联网+政务服务的内涵定义、发展阶段、发展形势、发展模式与路径等进行深入研究与分析,在互联网+政务服务的实践与创新两个部分,对涉及全国乃至全球的实践案例、创新范式进行了挖掘与分析,全景式地呈现了新的历史阶段”互联网+政务服务”的发展实况,并为一线工作者、研究者提供了鲜活的参考案例与借鉴样本。 | |
| 510 | 1 | @aInternet plus government services@zeng |
| 606 | 0 | @a电子政务@x研究@y中国 |
| 690 | @aD63-39@v5 | |
| 701 | 0 | @a许跃军@9xu yue jun@4编著 |
| 701 | 0 | @a陈宏晓@9chen hong xiao@4编著 |
| 701 | 0 | @a唐鹏@9tang peng@c(互联网)@4编著 |
| 801 | 0 | @aCN@b上海新华@c20180901 |
| 905 | @b1172649-53@dD63-39@e374@f5 | |
| 互联网+政务服务=Internet plus government services:新形势、新趋势、新未来/许跃军,陈宏晓,唐鹏编著.-北京:电子工业出版社,2018 |
| 194页:图;24cm |
| ISBN 978-7-121-33345-3:CNY49.00 |
| 本书主要从互联网+政务服务新时期的政策环境、技术环境、社会环境等出发,围绕互联网+政务服务的内涵定义、发展阶段、发展形势、发展模式与路径等进行深入研究与分析,在互联网+政务服务的实践与创新两个部分,对涉及全国乃至全球的实践案例、创新范式进行了挖掘与分析,全景式地呈现了新的历史阶段”互联网+政务服务”的发展实况,并为一线工作者、研究者提供了鲜活的参考案例与借鉴样本。 |
| ● |
| 相关链接 |
|
|
|
|
正题名:互联网+政务服务
索取号:D63-39/374
 
预约/预借
| 序号 | 登录号 | 条形码 | 馆藏地/架位号 | 状态 | 备注 |
| 1 | 1172649 | 211726499 | 第一样本阅览室/ [索取号:D63-39/374] | 在馆 | |
| 2 | 1172650 | 211726505 | 第一借阅区/ [索取号:D63-39/374] | 在馆 | |
| 3 | 1172651 | 211726514 | 第一借阅区/ [索取号:D63-39/374] | 在馆 | |
| 4 | 1172652 | 211726523 | 第一借阅区/ [索取号:D63-39/374] | 在馆 | |
| 5 | 1172653 | 211726532 | 密集书库-史法系/ [索取号:D63-39/374] | 在馆 |